Statistics for What Words can You Make: California

Click here to take the quiz!

General Stats

  • This quiz has been taken 23 times
  • The average score is 45 of 217

Answer Stats

LettersWord% Correct
3For
94%
3Cor
72%
4Corn
72%
3Far
72%
4Calf
61%
4Fail
61%
4Nail
61%
3Nor
61%
3Ail
56%
3Can
56%
3Car
56%
3Lin
56%
3Aal
50%
3Con
50%
4Foil
50%
3Lac
50%
4Lain
50%
4Lair
50%
3Orc
50%
4Coal
44%
4Coil
44%
3Fan
44%
3Fil
44%
3Fin
44%
4Foal
44%
3Fro
44%
4Loin
44%
3Lor
44%
3Rai
44%
4Rail
44%
3Arc
39%
4Carn
39%
4Fain
39%
4Loan
39%
3Oil
39%
4Orca
39%
4Rain
39%
4Roil
39%
3Air
33%
3Caf
33%
4Cain
33%
5Calif
33%
3Col
33%
4Fair
33%
3Fir
33%
5Focal
33%
3Fon
33%
5Frail
33%
3Ion
33%
4Iron
33%
3Lar
33%
3Rin
33%
3Ana
28%
4Anal
28%
4Clan
28%
4Cola
28%
4Coni
28%
5Coral
28%
4Fila
28%
5Final
28%
5Flair
28%
4Flan
28%
5Flora
28%
8Fornical
28%
4Lion
28%
4Loaf
28%
4Lorn
28%
3Oar
28%
3Ora
28%
3Ran
28%
4Roan
28%
3Roc
28%
4Afar
22%
4Alfa
22%
4Alif
22%
3Ani
22%
4Aria
22%
5Carol
22%
4Coin
22%
4Flic
22%
4Info
22%
6Ironic
22%
8Ironical
22%
4Laic
22%
4Larn
22%
4Liar
22%
4Loca
22%
4Narc
22%
3Nil
22%
3Oaf
22%
4Oral
22%
5Acorn
17%
4Afro
17%
3Ain
17%
3Ala
17%
4Calo
17%
5Canal
17%
4Clon
17%
4Coir
17%
5Colin
17%
5Coria
17%
5Facia
17%
6Facial
17%
4Foci
17%
4Foin
17%
5Folic
17%
6Frolic
17%
5Infra
17%
5Ionic
17%
4Loci
17%
4Noil
17%
4Nori
17%
3Oca
17%
4Acai
11%
4Acro
11%
5Aioli
11%
7Airfoil
11%
4Alar
11%
4Anil
11%
4Arco
11%
3Arf
11%
4Aril
11%
5Cairn
11%
6Canola
11%
6Carina
11%
5Cilia
11%
7Clarion
11%
5Claro
11%
4Coif
11%
5Craal
11%
6Crania
11%
7Cranial
11%
6Falcon
11%
4Filo
11%
5Finca
11%
4Firn
11%
4Floc
11%
4Fora
11%
4Icon
11%
4Ilia
11%
4Lino
11%
4Lira
11%
4Naif
11%
4Nala
11%
6Oilcan
11%
6Racial
11%
5Racon
11%
3Rif
11%
5Aalii
6%
5Acari
6%
6Acinar
6%
5Acini
6%
4Airn
6%
4Alan
6%
6Alnico
6%
5Aloin
6%
4Anoa
6%
6Arnica
6%
7Carinal
6%
4Carl
6%
6Carlin
6%
6Caroli
6%
4Ciao
6%
4Cion
6%
5Coala
6%
4Corf
6%
4Fano
6%
5Farci
6%
4Farl
6%
4Faro
6%
5Ficin
6%
4Fico
6%
5Filar
6%
7Filaria
6%
8Filarian
6%
6Finial
6%
7Finical
6%
4Fino
6%
6Flacon
6%
4Flir
6%
6Florin
6%
7Folacin
6%
5Folia
6%
6Foliar
6%
5Franc
6%
5Iliac
6%
4Inia
6%
4Inro
6%
5Lanai
6%
4Lari
6%
5Liana
6%
5Linac
6%
4Liri
6%
5Loran
6%
6Lorica
6%
5Naira
6%
4Naoi
6%
5Narco
6%
6Narial
6%
5Naric
6%
5Nicol
6%
4Noir
6%
5Noria
6%
7Ocarina
6%
5Orcin
6%
4Raia
6%
4Rani
6%
3Ria
6%
4Rial
6%
5Ricin
6%
4Rolf
6%
6Carnol
0%
7Farinal
0%
4Fiar
0%
5Larii
0%
6Ranico
0%

Score Distribution

Percentile by Number Answered

Percent of People with Each Score

Your Score History

You have not taken this quiz